| 000 | 00453nam a22001817a 4500 | ||
|---|---|---|---|
| 003 | CEME | ||
| 005 | 20210628210539.0 | ||
| 008 | 210209b xxu||||| |||| 00| 0 eng d | ||
| 020 | _a0-471-57546-1 | ||
| 040 | _c. | ||
| 082 | _a535.2 MOD | ||
| 100 |
_aKielich, Stanislaw Evans, Myron _979882 |
||
| 245 | _aModern nonlinear optics | ||
| 260 |
_aNEW YORK _bJOHN WILEY _c1933 |
||
| 300 | _a841P | ||
| 650 |
_aNONLINEAR OPTICS _979883 |
||
| 942 |
_cBK _2ddc |
||
| 999 |
_c584868 _d584868 |
||